Normal view
MARC view
- Allanson, Karen J.
Entry Personal Name
001 - CONTROL NUMBER
- control field: 5284
003 - CONTROL NUMBER IDENTIFIER
- control field: NUST
005 - DATE AND TIME OF LATEST TRANSACTION
- control field: 20171005125410.0
008 - FIXED-LENGTH DATA ELEMENTS
- fixed length control field: 171005|| aca||aabn | a|a d
040 ## - CATALOGING SOURCE
- Original cataloging agency: NUST
- Transcribing agency: NUST
100 ## - HEADING--PERSONAL NAME
- Personal name: Allanson, Karen J.
670 ## - SOURCE DATA FOUND
- Source citation: Work cat.: (NUST)0: Heathcote, Isobel W. 5281, Environmental problem-solving :, c1997.
